| 000 | 00436nam a22001457a 4500 | ||
|---|---|---|---|
| 999 |
_c122283 _d122283 |
||
| 005 | 20210518122034.0 | ||
| 008 | 210518b ||||| |||| 00| 0 eng d | ||
| 040 | _cPK-LaUMT | ||
| 082 |
_aRHC 891.4393 _bSAL-M |
||
| 100 | _aSalman Siddique = سلمان صدیق | ||
| 245 |
_aMah-i-maya = ماہ مایا/ _cby Salman Siddique = سلمان صدیق |
||
| 260 |
_aLahore : _bDastaweez Matboaat, _c1998 |
||
| 300 | _a223 p. | ||
| 942 | _cBK | ||